Visión causa-efecto de las cuencas hidrográficas de Colombia / (Registro nro. 7191)

Detalles MARC
000 -LEADER
fixed length control field 01555nam a22002537a 4500
003 - CONTROL NUMBER IDENTIFIER
control field OSt
005 - DATE AND TIME OF LATEST TRANSACTION
control field 20210215175437.0
008 - FIXED-LENGTH DATA ELEMENTS--GENERAL INFORMATION
fixed length control field 210215s2018 ck aocbgr|||| 00| 0dspa d
020 ## - INTERNATIONAL STANDARD BOOK NUMBER
International Standard Book Number 9789585971165
040 ## - CATALOGING SOURCE
Original cataloging agency CO-JMCR
Transcribing agency CO-JMCR
041 0# - LANGUAGE CODE
Language code of text/sound track or separate title spa
082 04 - DEWEY DECIMAL CLASSIFICATION NUMBER
Classification number 333.731609861 /
Item number A173v
Edition number 23
100 1# - MAIN ENTRY--PERSONAL NAME
Personal name Acero Suárez, José,
Relator term autor
9 (RLIN) 13479
245 10 - TITLE STATEMENT
Title Visión causa-efecto de las cuencas hidrográficas de Colombia /
Statement of responsibility, etc. José Acero Suárez
260 ## - PUBLICATION, DISTRIBUTION, ETC.
Place of publication, distribution, etc. Bogotá :
Name of publisher, distributor, etc. Sociedad Geográfica de Colombia,
Date of publication, distribution, etc. 2018
300 ## - PHYSICAL DESCRIPTION
Extent 118 páginas :
Other physical details ilustraciones, fotografías, gráficos y mapas a color ;
Dimensions 22 cm.
490 0# - SERIES STATEMENT
Series statement Exposiciones geográficas. Publicación aperiódica ;
Volume/sequential designation N° 13
500 ## - GENERAL NOTE
General note Incluye fotografía y datos biográficos del autor.
504 ## - BIBLIOGRAPHY, ETC. NOTE
Bibliography, etc. note Bibliografía: páginas: 117-118
505 0# - FORMATTED CONTENTS NOTE
Formatted contents note Análisis Ishikawa de causa-efecto: estrategia fundamental -- Nueva visión sobre la ordenación y manejo de cuencas hidrográficas -- Gestión de cuencas hidrográficas -- Ecosistemas de subpáramo y páramo: matriz de fecundación de nuestra hidrología -- Nuestros humedales: otro mortal descuido de estado -- Coberturas vegetales: abrigos protectores de las cuencas hidrográficas -- Aspectos administrativos -- Normatividad -- Análisis de caso: cuenca hidrográfica del Río Bogotá -- Propuesta para el primer atlas de cuencas hidrográficas de Colombia
650 14 - SUBJECT ADDED ENTRY--TOPICAL TERM
Topical term or geographic name entry element Cuencas hidrográficas
General subdivision investigaciones
Geographic subdivision Colombia
9 (RLIN) 13480
650 14 - SUBJECT ADDED ENTRY--TOPICAL TERM
Topical term or geographic name entry element Cuencas hidrográficas
Form subdivision estudio de casos
Geographic subdivision Bogotá (Colombia)
9 (RLIN) 13481
942 ## - ADDED ENTRY ELEMENTS (KOHA)
Source of classification or shelving scheme Dewey Decimal Classification
Koha item type Books
Existencias
Withdrawn status Lost status Source of classification or shelving scheme Damaged status Not for loan Collection code Home library Current library Date acquired Source of acquisition Total Checkouts Full call number Barcode Date last seen Copy number Price effective from Koha item type
    Dewey Decimal Classification     Non-fiction Biblioteca Pública José María del Castillo y Rada Biblioteca Pública José María del Castillo y Rada 04/15/2018 Donación   333.731609861 / A173v 201810426 05/16/2024 Ej.1 02/15/2021 Books